000 02243nam a22002417a 4500
005 20250530162137.0
008 250419b |||||||| |||| 00| 0 eng d
020 _a9780198900788
040 _aSDCL
_cSDCL
041 _2eng
_aeng
084 _aY15.2'P R4
245 _aGender in modern India :
_bHistory, culture, marginality
260 _aNew Delhi :
_bOxford University Press,
_c2024.
300 _axvi, 347p.
520 _aGender in Modern India brings together pioneering research on a range of themes including social reforms, caste, and contestations; Adivasis, patriarchy, and colonialism; capitalism, political economy, and labour; masculinity and sexuality; health, medical care, and institution building; culture and identity; and migration and its new dynamics. Commissioned in remembrance of the prolific social historian Biswamoy Pati, this volume examines the gender question through a multilayered and multi-dimensional frame in which interdisciplinarity and intersectionality play an important role. Using case studies on gender from diverse geographies—east, west, north, south, and northeast; community locations—Hindu, Muslim, and Christian; and marginalized socio-economic or ethnic habitations such as those of Dalits and Adivasis, the contributors highlight the complexities and diversities of women's negotiations of patriarchies in varied social, ethnic, and community contexts. Collectively, the chapters in this volume focus on three related and overlapping settings—colonial, colonial and postcolonial continuum, and postcolonial. They delineate the multiple lives of gender by focusing on its intersections with other markers of difference including race, class, caste, sexuality, culture, ethnicity, region, and occupation, thereby questioning stereotypes, challenging dated notions and interpretations of gender, and demonstrating the ubiquity of patriarchy.
650 _aSocial Science / Customs & Traditions
_9811277
650 _aSocial Science / Feminism & Feminist Theory
_9811259
650 _aSocial Science / General
_9811278
650 _aSocial Science / Women's Studies
_9811276
700 _aSingh, Lata
_9752468
700 _aSinha, Shashank Shekhar
_9275127
942 _2CC
_cTEXL
_n0
999 _c1309192
_d1309192